<?xml version="1.0" encoding="UTF-8"?>
<record
    xmlns:xsi="http://www.w3.org/2001/XMLSchema-instance"
    xsi:schemaLocation="http://www.loc.gov/MARC21/slim http://www.loc.gov/standards/marcxml/schema/MARC21slim.xsd"
    xmlns="http://www.loc.gov/MARC21/slim">

  <leader>00574nam a22002057a 4500</leader>
  <controlfield tag="003">DO-SdBNP</controlfield>
  <controlfield tag="005">20211105130800.0</controlfield>
  <controlfield tag="007">ta</controlfield>
  <controlfield tag="008">210611e2017    dr ||||grd||| 00| 0 eng d</controlfield>
  <datafield tag="040" ind1=" " ind2=" ">
    <subfield code="a">DO-SdBNP</subfield>
    <subfield code="b">spa</subfield>
    <subfield code="c">BNPHU</subfield>
  </datafield>
  <datafield tag="041" ind1="1" ind2="7">
    <subfield code="a">eng</subfield>
  </datafield>
  <datafield tag="082" ind1=" " ind2="4">
    <subfield code="2">22</subfield>
    <subfield code="b">A445r</subfield>
  </datafield>
  <datafield tag="100" ind1="1" ind2=" ">
    <subfield code="a">Alm&#xE1;nzar Alvarado, Vianelis</subfield>
    <subfield code="9">78815</subfield>
  </datafield>
  <datafield tag="245" ind1="1" ind2="0">
    <subfield code="a">Read it laugh learn /</subfield>
    <subfield code="c">Vianelis Alm&#xE1;nzar Alvarado</subfield>
  </datafield>
  <datafield tag="260" ind1=" " ind2=" ">
    <subfield code="a">Santiago, Rep&#xFA;blica Dominicana :</subfield>
    <subfield code="b">Emilio Ure&#xF1;a,</subfield>
    <subfield code="c">2017.</subfield>
  </datafield>
  <datafield tag="300" ind1=" " ind2=" ">
    <subfield code="a">154 p. ;</subfield>
    <subfield code="c">21 cm.</subfield>
  </datafield>
  <datafield tag="590" ind1=" " ind2=" ">
    <subfield code="a">Inventariado, 2021/MF  /BT</subfield>
  </datafield>
  <datafield tag="910" ind1=" " ind2=" ">
    <subfield code="a">Mf&#xE9;liz</subfield>
  </datafield>
  <datafield tag="942" ind1=" " ind2=" ">
    <subfield code="2">ddc</subfield>
    <subfield code="c">LBS1</subfield>
  </datafield>
  <datafield tag="952" ind1=" " ind2=" ">
    <subfield code="0">0</subfield>
    <subfield code="1">0</subfield>
    <subfield code="2">ddc</subfield>
    <subfield code="5">1</subfield>
    <subfield code="7">0</subfield>
    <subfield code="8">PD</subfield>
    <subfield code="a">BNPHU</subfield>
    <subfield code="b">PD</subfield>
    <subfield code="c">HD</subfield>
    <subfield code="d">2018-05-08</subfield>
    <subfield code="e">Dep&#xF3;sito legal</subfield>
    <subfield code="l">0</subfield>
    <subfield code="o">BNPHU PD A445r</subfield>
    <subfield code="p">2021-2014</subfield>
    <subfield code="r">2021-06-11</subfield>
    <subfield code="w">2021-06-11</subfield>
    <subfield code="y">LFPD</subfield>
    <subfield code="z">Libro autobiografiado </subfield>
  </datafield>
  <datafield tag="952" ind1=" " ind2=" ">
    <subfield code="0">0</subfield>
    <subfield code="1">0</subfield>
    <subfield code="2">ddc</subfield>
    <subfield code="5">1</subfield>
    <subfield code="7">0</subfield>
    <subfield code="8">PD</subfield>
    <subfield code="a">BNPHU</subfield>
    <subfield code="b">PD</subfield>
    <subfield code="c">HD</subfield>
    <subfield code="d">2018-05-08</subfield>
    <subfield code="e">Dep&#xF3;sito legal</subfield>
    <subfield code="l">0</subfield>
    <subfield code="o">BNPHU PD A445r</subfield>
    <subfield code="p">2021-2015</subfield>
    <subfield code="r">2021-06-11</subfield>
    <subfield code="t">e.2</subfield>
    <subfield code="w">2021-06-11</subfield>
    <subfield code="y">LFPD</subfield>
  </datafield>
  <datafield tag="952" ind1=" " ind2=" ">
    <subfield code="0">0</subfield>
    <subfield code="1">0</subfield>
    <subfield code="2">ddc</subfield>
    <subfield code="5">6</subfield>
    <subfield code="7">0</subfield>
    <subfield code="8">DS</subfield>
    <subfield code="a">BNPHU</subfield>
    <subfield code="b">DO</subfield>
    <subfield code="c">HD</subfield>
    <subfield code="d">2018-05-08</subfield>
    <subfield code="e">Dep&#xF3;sito legal</subfield>
    <subfield code="l">0</subfield>
    <subfield code="o">BNPHU DS A445r</subfield>
    <subfield code="p">2021-2016</subfield>
    <subfield code="r">2021-06-11</subfield>
    <subfield code="t">e.3</subfield>
    <subfield code="w">2021-06-11</subfield>
    <subfield code="y">LFDS</subfield>
  </datafield>
  <datafield tag="999" ind1=" " ind2=" ">
    <subfield code="c">49911</subfield>
    <subfield code="d">49911</subfield>
  </datafield>
</record>
